10 Words, 20 Definitions XXII Quiz Stats

 Plays Quiz Updated Aug 18, 2019

Score 0/20 Timer 03:00
0 Plays Today
% Correct
Bee
95.6%
Free
95.5%
Free
94.7%
Degree
94.5%
Plea
94.3%
Plea
94.2%
Tree
93.7%
Degree
93.5%
Glee
93.3%
Tee
92.8%
% Correct
Tee
92.4%
Marquee
90.6%
See
86.2%
Key
84%
See
82.7%
Key
82.3%
Marquee
68.6%
Glee
57.3%
Bee
53.4%
Tree
50%

You're not logged in!

Compare scores with friends on all Sporcle quizzes.
OR
Log In

Sporcle TV

Today on Sporcle TV


Watch our educational content, quiz creation guides, and fun videos on Sporcle TV.

Show Comments

Extras

Top Quizzes Today


Score Distribution

Your Account Isn't Verified!

In order to create a playlist on Sporcle, you need to verify the email address you used during registration. Go to your Sporcle Settings to finish the process.

Report this User

Report this user for behavior that violates our Community Guidelines.

Details: